000 00349cam a2200145ua 4500
041 _aeng
_h
082 _a920
_bWOO/WR
100 _aWoolf, Virginia .
245 _aWriters Diary /
_cVirginia Woolf.
_hTextual Documents
260 _aLondon :
_bThe Hogarth Press ,
_c1954.
300 _a372 ; .
504 _a
942 _cBK
999 _c1115
_d1115